01313 2200457 4500001002100000005001500021035002000036007000300056008004100059020002200100040002200122082001500144084001700159090002100176090002200197090002000219100002500239245008600264250002600350250002400376250001700400300002500417500001100442650002000453700002900473850001200502041000800514504003300522264003400555264003400589264003400623336002100657337003000678338002300708999002200731990002200753990002000775990002000795990002000815990002000835INLIS00000000085059220220712101916 a0010-0819000494ta190827s2010 yoi g 1 ind d a978-979-25-4759-7 aYOPDYOGbinderda04223a646.72 a646.72 AQI p aDEP 646.72 AQI p aCB-D.11 2010-1178 aPK 646.72 AQI p0 aAqila Smartepenulis10aPerawatan modern untuk kecantikan wanita /cAqila Smart: penyunting, Meita Sandra aCetakan pertama, 2010 aCetakan kedua, 2017 acetakan 2020 a175 halaman ;c20 cm aIndeks 4akecantikan diri0 aMeita Sandraepenyunting aYOPDYOG0 aind aBibliografi: halaman 169-17034aYogyakarta :bKatahati,c2010 aYogyakarta :bKatahati,c2017 aYogyakarta :bKatahati,c2020 2rdacontentateks 2rdamediaatanpa perantara 2rdacarrieravolume aCB-D.11/2010-1178 aCB-D.11/2010-1178 a41282-PD/B.2019 a41283-PD/B.2019 a44195-PD/B.2022 a44196-PD/B.2022